NBA Famous Nicknames - Statistics

General Stats
  • This quiz has been taken 183 times
  • The average score is 34 of 50
Answer Stats
Nickname Answer % Correct
CP3 Chris Paul
92%
Greek Freak Giannis Antetokounmpo
91%
Black Mamba Kobe Bryant
91%
PG-13 Paul George
90%
Diesel Shaquille O'Neal
90%
Vinsanity Vince Carter
87%
Ant Man Anthony Edwards
86%
Dr. J Julius Erving
86%
The Joker Nikola Jokic
86%
The Beard James Harden
85%
Jimmy Buckets Jimmy Butler
85%
Slim Reaper Kevin Durant
85%
Larry Legend Larry Bird
85%
The King Lebron James
84%
Linsanity Jeremy Lin
83%
Dame Time Damian Lillard
82%
The Answer Allen Iverson
80%
The Big Fundamental Tim Duncan
80%
The Claw Kawhi Leonard
79%
Baby Faced Assassin Steph Curry
78%
The Dream Hakeem Olajuwon
77%
His Airness Michael Jordan
77%
The Mailman Karl Malone
76%
The Big O Oscar Robertson
75%
T-Mac Tracy McGrady
75%
The Brow Anthony Davis
74%
Chairman of the Board Moses Malone
74%
Pistol Pete Pete Maravich
71%
The Worm Dennis Rodman
70%
Spida Donovan Mitchell
70%
German Jesus Dirk Nowitzki
69%
The Round Mound of Rebound Charles Barkley
68%
The Admiral David Robinson
68%
The Glove Gary Payton
66%
Big Ticket Kevin Garnett
66%
The Truth Paul Pierce
65%
The Stilt Wilt Chamberlain
63%
Brodie Russell Westbrook
61%
The Glide Clyde Drexler
60%
AR-15 Austin Reaves
55%
The Alien Victor Wembanyama
55%
Malice in the Palace Ron Artest
52%
The Iceman George Gervin
50%
Swaggy P Nick Young
45%
The Captain Kareem Abdul-Jabbar
41%
Splash Mountain Brook Lopez
23%
Chocolate Thunder Darryl Dawkins
23%
Sleepy Eric Floyd
20%
Connect 4 Dalton Knecht
15%
A-Train Artis Gilmore
11%
No matching quizzes found
Score Distribution
Percent of People with Each Score
Percentile by Number Answered
Your Score History
You have not taken this quiz